000 00481cam a22001934a 4500
005 20250605164312.0
008 250528s ||||||||||||||||||||||||d
035 _a22559
020 _a9780333923962
040 _aGR-AtMCL
_bgre
_dGR-AtMCL
_eAACR2
245 1 _aANIMAL COGNITION: THE MENTAL LIVES OF ANIMALS
250 _a1
260 _bPalgrave Macmillan,
_c2001
300 _a213
700 1 _aWynne Clive D.L
_98342
942 _cBK
999 _c7607
_d7607